Normal view
MARC view
- Pindar The Complete Odes -A New Translation by Anthony Verity-Translation
Entry Topical Term
001 - CONTROL NUMBER
- control field: 2506
003 - CONTROL NUMBER IDENTIFIER
- control field: JO-AjAnu
005 - DATE AND TIME OF LATEST TRANSACTION
- control field: 20230606070720.0
008 - FIXED-LENGTH DATA ELEMENTS
- fixed length control field: 230606|| aca||aabn | a|a d
040 ## - CATALOGING SOURCE
- Original cataloging agency: JO-AjAnu
- Transcribing agency: JO-AjAnu
150 ## - HEADING--TOPICAL TERM
- Topical term or geographic name entry element: Pindar The Complete Odes -A New Translation by Anthony Verity-Translation
670 ## - SOURCE DATA FOUND
- Source citation: Work cat.: (JO-AjAnu)1311: Verity,Anthony تأليف/Instone,Stephen م.مشارك, author 2505, Pindar The Complete Odes :A New Translation by Anthony Verity